Statistics for Biggest Cities on the Great Plains

Click here to take the quiz!

General Stats

  • This quiz has been taken 50 times
  • The average score is 10 of 16

Answers on the Map

Answers color-coded by a green-red scale on the quiz's map according to % correct below.
 

Answer Stats

HintAnswer% Correct
1.1MOklahoma City
93%
7.1MDallas
91%
2.9MDenver
89%
1.8MKansas City
86%
830kOmaha
86%
510kWichita
70%
600kTulsa
66%
280kLincoln
61%
680kColorado Springs
59%
1.4MCalgary
48%
1.2MEdmonton
45%
230kAmarillo
43%
260kLubbock
36%
220kRegina
32%
270kSaskatoon
30%
190kFort Collins
20%

Score Distribution

Percentile by Number Answered

Percent of People with Each Score

Your Score History

You have not taken this quiz